000 00336 a2200169 4500
001 182541
020 _a85-08-04079-2
040 _cMagnum
100 _aAlencar, José de
240 1 0 _aO Guarani
_lpor
245 1 0 _aO Guarani
300 _a295
362 0 _a2003
440 1 _aÁtica
697 _aLITERATURA GERAL
942 _cBK
999 _c182541
_d182541